Virtuálne pracovné prostredie a produktivita práce diplomová práca

Enregistré dans:
Détails bibliographiques
Auteur principal: Kaderábeková, Veronika
Collectivité auteur: Fakulta podnikového manažmentu EU. Katedra manažmentu
Autres auteurs: Ďurišová, Soňa, 1983-
Format: Livre
Langue:slovaque
Publié: Bratislava 2024
Tags: Ajouter un tag
Pas de tags, Soyez le premier à ajouter un tag!

MARC

LEADER 00000nbm a2200000 4500
001 0300992
005 20250923085841.4
041 0 |a slo 
044 |a SK 
245 1 0 |a Virtuálne pracovné prostredie a produktivita práce  |b diplomová práca  |c Veronika Kaderábeková ; školiteľ: Soňa Ďurišová 
264 1 |a Bratislava  |c 2024 
300 |a 71 s. 
100 1 |a Kaderábeková, Veronika 
700 1 |a Ďurišová, Soňa, 1983- 
710 2 |a Fakulta podnikového manažmentu EU. Katedra manažmentu